书目信息 |
| 题名: |
教育为了什么
|
|
| 作者: | 叶圣陶 著 | |
| 分册: | ||
| 出版信息: | 长沙 湖南人民出版社有限责任公司 2022 |
|
| 页数: | 242页 | |
| 开本: | 20cm | |
| 丛书名: | ||
| 单 册: | ||
| 中图分类: | G40-092.74 | |
| 科图分类: | ||
| 主题词: | ||
| 电子资源: | ||
| ISBN: | 978-7-5561-2705-4 | |
| 000 | 00795nam0 2200241 450 | |
| 001 | 012024000219 | |
| 005 | 20240924225237.0 | |
| 010 | @a978-7-5561-2705-4@dCNY42.00 | |
| 100 | @a20240924d2022 em y0chiy50 ea | |
| 101 | 0 | @achi |
| 102 | @aCN@b430000 | |
| 105 | @ay z 000yy | |
| 106 | @ar | |
| 200 | 1 | @a教育为了什么@Ajiao yu wei le shen me@f叶圣陶著 |
| 210 | @a长沙@c湖南人民出版社有限责任公司@d2022 | |
| 215 | @a242页@d20cm | |
| 300 | @a西席书屋 | |
| 330 | @a本书精选叶圣陶关于教育的著名论述,内容包括教育与人生、素质教育、家庭教育、自我教育等。 | |
| 600 | 0 | @a叶圣陶@f(1894-1988)@x教育思想@j文集 |
| 690 | @aG40-092.74@v5 | |
| 701 | 0 | @a叶圣陶@Aye sheng tao@4著 |
| 801 | 0 | @aCN@bAHXH@c20240924 |
| 905 | @b214138280@b214138299@b214138306@b214138315@b214138324@dG40-092.74@e1429@f5 | |
| 教育为了什么/叶圣陶著.-长沙:湖南人民出版社有限责任公司,2022 |
| 242页;20cm |
| 西席书屋 |
| ISBN 978-7-5561-2705-4:CNY42.00 |
| 本书精选叶圣陶关于教育的著名论述,内容包括教育与人生、素质教育、家庭教育、自我教育等。 |
| ● |
| 相关链接 |
|
|
|
|
正题名:教育为了什么
索取号:G40-092.74/1429
 
预约/预借
| 序号 | 登录号 | 条形码 | 馆藏地/架位号 | 状态 | 备注 |
| 1 | 1413828 | 214138280 | 第一样本阅览室/ [索取号:G40-092.74/1429] | 在馆 | |
| 2 | 1413829 | 214138299 | 第四借阅区/ [索取号:G40-092.74/1429] | 在馆 | |
| 3 | 1413830 | 214138306 | 第四借阅区/ [索取号:G40-092.74/1429] | 在馆 | |
| 4 | 1413831 | 214138315 | 第四借阅区/ [索取号:G40-092.74/1429] | 在馆 | |
| 5 | 1413832 | 214138324 | 第四借阅区/ [索取号:G40-092.74/1429] | 在馆 |